The life of Charlotte Brontë / (Record no. 24011)
[ view plain ]
| 000 -LEADER | |
|---|---|
| fixed length control field | 01067cam a22002891 4500 |
| 001 - CONTROL NUMBER | |
| control field | 24011 |
| 003 - CONTROL NUMBER IDENTIFIER | |
| rucl marc code | BD-RjUL |
| 005 - DATE AND TIME OF LATEST TRANSACTION | |
| control field | 20211209001011.0 |
| 008 - FIXED-LENGTH DATA ELEMENTS--GENERAL INFORMATION | |
| fixed length control field | 140312r19511919enkah 001 0beng |
| 035 ## - SYSTEM CONTROL NUMBER | |
| System control number | (BD-RjUL)24076 |
| System control number | (OCoLC)1432149 |
| 040 ## - CATALOGING SOURCE | |
| Original cataloging agency | DLC |
| Transcribing agency | TxDaU |
| Modifying agency | OCoLC |
| -- | DLC |
| Language of cataloging | eng |
| 041 ## - LANGUAGE CODE | |
| Language code of text/sound track or separate title | eng |
| 082 ## - DEWEY DECIMAL CLASSIFICATION NUMBER | |
| Edition number | 20 |
| Classification number | 937.06 |
| Author mark and year | GAL 1951 |
| 100 1# - MAIN ENTRY--PERSONAL NAME | |
| Personal name | Gaskell, Elizabeth Cleghorn, |
| Dates associated with a name | 1810-1865. |
| 9 (RLIN) | 73933 |
| 245 14 - TITLE STATEMENT | |
| Title | The life of Charlotte Brontë / |
| Statement of responsibility, etc. | by Elizabeth C. Gaskell; with an introduction by Clement Shorter. |
| 260 ## - PUBLICATION, DISTRIBUTION, ETC. (IMPRINT) | |
| Place of publication, distribution, etc. | London : |
| -- | New York [etc.] : |
| Name of publisher, distributor, etc. | H. Milford, Oxford University Press, |
| Date of publication, distribution, etc. | C1919 [reprinting 1951] |
| 300 ## - PHYSICAL DESCRIPTION | |
| Pagination | xxii, [2], 476 p. : |
| Illustrations | 1 illus., facsim. ; |
| Size | 16 cm. |
| 500 ## - GENERAL NOTE | |
| General note | "First published in 1857. In the 'World's classics' ... first published in 1919." |
| 504 ## - BIBLIOGRAPHY, ETC. NOTE | |
| Bibliography, etc | includes index |
| 600 10 - SUBJECT ADDED ENTRY--PERSONAL NAME | |
| Personal name | Brontë, Charlotte, |
| Dates associated with a name | 1816-1855. |
| 700 1# - ADDED ENTRY--PERSONAL NAME | |
| Personal name | Shorter, Clement King, |
| Dates associated with a name | 1857-1926. |
| 942 ## - ADDED ENTRY ELEMENTS (KOHA) | |
| Source of classification or shelving scheme | Dewey Decimal Classification |
| Koha item type | Books |
| Lost status | Source of classification or shelving scheme | Damaged status | Not for loan | Collection code | Permanent Location | Current Location | Shelving location | Date acquired | Source of acquisition | Cost, normal purchase price | Total Checkouts | Full call number | Date last seen | Copy number | Koha item type |
|---|---|---|---|---|---|---|---|---|---|---|---|---|---|---|---|
| Dewey Decimal Classification | Added to bundle | Non-fiction | Central Library, University of Rajshahi | Central Library, University of Rajshahi | Reading Room | 22/01/1955 | m.b.p. dhaka | 3.20 | 937.06 GAL 1951 | 12/03/2014 | C-1 | Books | |||
| Dewey Decimal Classification | Added to bundle | Non-fiction | Central Library, University of Rajshahi | Central Library, University of Rajshahi | 27/09/1955 | B. H. Bluckwell | 55.00 | 937.06 GAL 1950 | 12/03/2014 | C-2 | Books |